Online
Catalog

"Esta es mi historia y es mi canción" / (Record no. 38389)

MARC details
000 -CABECERA
campo de control de longitud fija 00595nam a2200169 a 4500
001 - NÚMERO DE CONTROL
campo de control 000038899
005 - FECHA Y HORA DE LA ÚLTIMA TRANSACCIÓN
campo de control 20201002031418.0
008 - DATOS DE LONGITUD FIJA--INFORMACIÓN GENERAL
campo de control de longitud fija 130502s1968 ag c 000 0 spa d
040 ## - FUENTE DE LA CATALOGACIÓN
Centro catalogador/agencia de origen DO-SdBNP
Lengua de catalogación spa
Centro/agencia transcriptor BNPHU
100 1# - ENTRADA PRINCIPAL--NOMBRE DE PERSONA
Nombre de persona Hines, Jerone
9 (RLIN) 65167
240 10 - TÍTULO UNIFORME
Título uniforme "This is my story, this is my song"
Lenguaje de la obra Español
245 10 - MENCIÓN DE TÍTULO
Título "Esta es mi historia y es mi canción" /
Mención de responsabilidad, etc. Jerome Hines ; versión castellana por Arnoldo Canclini.
260 ## - PUBLICACIÓN, DISTRIBUCIÓN, ETC.
Lugar de publicación, distribución, etc. [Argentina] :
Nombre del editor, distribuidor, etc. Casa Bautista ,
Fecha de publicación, distribución, etc. 1968.
300 ## - DESCRIPCIÓN FÍSICA
Extensión 144 p. :
Otras características físicas il. ;
Dimensiones 27 cm.
500 ## - NOTA GENERAL
Nota general Traducido del idioma inglés
700 1# - PUNTO DE ACCESO ADICIONAL--NOMBRE DE PERSONA
Nombre de persona Canclini, Arnoldo
Término indicativo de función/relación tr.
9 (RLIN) 23732
Holdings
Estado de retiro Estado de pérdida Restricciones de uso No para préstamo Código de colección Localización permanente Ubicación/localización actual Ubicación en estantería Fecha de adquisición Número de inventario Total de préstamos Signatura topográfica completa Código de barras Fecha visto por última vez Precio válido a partir de Tipo de ítem Koha
      Excluido de préstamo Monografías: Libros y Folletos Patrimonio Dominicano Patrimonio Dominicano En catalogación 02.05.2013 LF1   38899-10 25.06.2020 25.06.2020 No se presta

Powered by Koha